00810nam a22001937a 450000500170000000800410001702000150005804100080007308200170008111101260009824501410022426000680036530000190043365000560045265000390050870000260054770000220057370000210059520140404150532.0140404b1999 no |||||r|||| 10| 0 eng d a8242610932 aeng04a333.95bT82n aConference on the ecosystems approach for sustainable use of biological diversity.cTrondheimdseptiembre 6 al 10 de 199900aThe Norway /UN Conference on the ecosystems approach for sustainable use of biological diversity.cEdited by Peter Johan Schei...[et al] aTrondheimbNorwegian Institute for Nature Research (NINA)c1999 a282 p.c30 cm. aBiodiversity conservationxcongresos y conferencias aEcology xcongresos y conferencias1 aSche, Peter Johaneed1 aSandlund, Oddeed1 aStrand, Ritaeed